| 000 | 00353nam a2200121Ia 4500 | ||
|---|---|---|---|
| 008 | 220216s9999 xx 000 0 und d | ||
| 245 | 0 | _aInformative handbooks from RRII on new clones (Book Review) | |
| 260 |
_bRubber Asia _c2007 |
||
| 300 | _a120 | ||
| 650 | _aIdentification of RRII 400 series clones | ||
| 650 | _aRRII 400 series clones | ||
| 942 | _cJS | ||
| 999 |
_c61384 _d61384 |
||